Statistics for Most Populous Countries in 1950

Click here to take the quiz!

General Stats

  • This quiz has been taken 64,069 times
    (59,720 since last reset)
  • The average score is 17 of 20

Answer Stats

PopulationCountry% Correct
563 mChina
100%
152 mUnited States
99%
370 mIndia
98%
140 mBritish Empire
97%
133 mFrench Empire
96%
52 mWest Germany
95%
53 mBrazil
94%
84 mJapan
91%
29 mMexico
91%
28 mSpain
90%
48 mItaly
87%
189 mSoviet Union
86%
83 mIndonesia
84%
86 mPakistan
80%
21 mEgypt
76%
21 mTurkey
75%
25 mPoland
68%
21 mPhilippines
58%
21 mSouth Korea
54%
25 mBelgian Empire
34%

Score Distribution

Percentile by Number Answered

Percent of People with Each Score

Your Score History

You have not taken this quiz since the last reset